01133 2200337 4500001002100000005001500021035002500036007000300061008004100064020002200105040001700127041000800144082001600152084001800168090002200186090002200208100003400230245017300264250001100437260003800448300004500486500005900531504003300590650002900623700003000652700003500682850001200717999002200729990002200751990002200773INLIS00000000003398820191014125342 a0010-021800000000714ta180222s2017 yoia g a 0 ind d a978-602-50062-5-8 aYOPDYOGbind0 aind04223a371.144 a371.144 MAR e aDEP 371.144 MAR e aCB-D.11 2017-13130 aMarheny LukitasariePengarang1 aEvaluasi pembelajaran mempergunakan elektronik portofolio sebagai sarana mengembangkan kemampuan metakognisi /cMarheny Lukitasari, Jeffry Handhika, Wasilatul Murtafiah aCet. 13 aYogyakarta :bLintas Nalar,c2017 a100 halaman :bilustrasi, tabel ;c29 cm aDiterbitkan bekerjasama dengan Universitas PGRI Madiun aBibliografi : halaman 96-100 4aPembelajaran--xEvaluasi0 aJeffry HandikaePengarang0 aWasilatul MurtafiahePengarang aYOPDYOG aCB-D.11/2017-1313 aCB-D.11/2017-1313 aCB-D.11/2017-1313